Java web services architecture (Record no. 282493)

MARC details
000 -LEADER
fixed length control field 00472nam a2200169Ia 4500
005 - DATE AND TIME OF LATEST TRANSACTION
control field 20241105083141.0
008 - FIXED-LENGTH DATA ELEMENTS--GENERAL INFORMATION
fixed length control field 240126s9999 xx 000 0 und d
020 ## - INTERNATIONAL STANDARD BOOK NUMBER
International Standard Book Number 9788181476418
082 ## - DEWEY DECIMAL CLASSIFICATION NUMBER
Classification number 001.6424JAV MCG;1
100 ## - MAIN ENTRY--PERSONAL NAME
Personal name McGovern, James. Tyagi, Sameer. Stevens, Michael E ...[et al.]
245 #0 - TITLE STATEMENT
Title Java web services architecture
260 ## - PUBLICATION, DISTRIBUTION, ETC. (IMPRINT)
Name of publisher, distributor, etc. Elsevier
Place of publication, distribution, etc. Amsterdam
Date of publication, distribution, etc. 2003
300 ## - PHYSICAL DESCRIPTION
Extent xxii, 833
440 ## - SERIES STATEMENT/ADDED ENTRY--TITLE
Title NULL
650 ## - SUBJECT ADDED ENTRY--TOPICAL TERM
Topical term or geographic name as entry element Java,architecture
942 ## - ADDED ENTRY ELEMENTS (KOHA)
Koha item type PESU Books
Holdings
Date last seen Total Checkouts Full call number Accession number Old discount Volume/Issue Number Cost, replacement price Price effective from Category Lost status Damaged status Department Withdrawn status bill no. Permanent Location Current Location Shelving location Entry date Vendor Cost, normal purchase price Grants Currency symbol Conversion rate Discount Discount type
26/01/2024   001.6424JAV MCG;1 PU7858 25 (25/06/1905) 596.25 26/01/2024 PESU Books     MCA   IN1833 Central Library Central Library MCA 11/09/2017 Sunrise 795.00 MCA RS 1 198.75 Rupees

© For any Suggestions or Query, please contact the library staff @ librarian@pes.edu or Phone: +9180 2672 1983/ 2108.